000 00810nam a2200229 i 4500
001 123177
003 ES-MaACL
005 20250808002231.0
007 t|
008 070214s1962 sp |||| | spa d
080 _a276 Ignacio de Loyola, San
100 1 _aPrzywara, Erich.
_994098
245 1 0 _aTeolegúmeno español y otros ensayos ignacianos /
_cErich Przywara ; traducción, epílogo y notas bio-bibliográficas del P. Alfonso López Quintás.
260 _aMadrid :
_bGuadarrama,
_c1962.
300 _a188 p ;
_c19 cm.
490 1 _aCristianismo y hombre actual ;
_v39
600 0 4 _aIgnacio de Loyola
_c, Santo.
_965147
700 1 _aLópez Quintás, Alfonso.
_973905
830 0 0 _aCristianismo y hombre actual
_v39
_9181461
852 _aES-MaACL
_jC-22268
999 _c123177
_d123177